00415nam a2200169 a 45000010005000000030009000050080041000140400028000550820015000831000023000982450030001212500007001512600031001583000014001894900023002036500019002262971CO-ViMGA141112s2004 ck r 000 u spa d aCO-ViMGAbspacCO-ViMGA04a736.4 K7371 aKretzchmar, Gunter10aTalla manual de la madera a2a aBarcelona : bCeac, c1987 a47 p : il aCómo hacerlo, 2914aMADERA - TALLA